[Event "StM 2004"]
[Site "Hartberg"]
[Date "2004.??.??"]
[Round "4.29"]
[White "Wallner, Joachim"]
[Black "Petroczi, Thomas"]
[Result "1/2-1/2"]
[WhiteElo "2319"]
[BlackElo "2176"]
[PlyCount "88"]
[EventDate "2004.??.??"]

1. e4 c6 2. d4 d5 3. e5 Bf5 4. Nc3 h5 5. Nge2 e6 6. Ng3 g6 7. Nxf5 exf5 8. Bd3
Bh6 9. Ne2 Nd7 10. O-O Nf8 11. c4 Ne7 12. Bxh6 Rxh6 13. Qd2 Rh7 14. b4 a6 15.
a4 Ne6 16. b5 axb5 17. axb5 Rxa1 18. Rxa1 Kf8 19. c5 Kg7 20. b6 Rh8 21. Ra7 Qd7
22. h4 Rb8 23. Kf1 Qd8 24. g3 Nc8 25. Ra4 Ne7 26. f4 Ng8 27. Nc1 Ne7 28. Nb3
Kh6 29. Ke2 Qe8 30. Kd1 Kg7 31. Qb4 Kf8 32. Kd2 Nc8 33. Qa3 Ne7 34. Ra7 Nc8 35.
Ra8 Ne7 36. Rxb8 Qxb8 37. Qa7 Qxa7 38. bxa7 Nc7 39. Na5 Nc8 40. a8=Q Nxa8 41.
Nxb7 Nc7 42. Bc2 Ne6 43. Kc3 Ke8 44. Ba4 Kd7 1/2-1/2

[Event "StM 2004"]
[Site "Hartberg"]
[Date "2004.??.??"]
[Round "4.30"]
[White "Herrmann, Johann"]
[Black "Petschar, Kurt"]
[Result "0-1"]
[WhiteElo "2168"]
[BlackElo "2289"]
[PlyCount "122"]
[EventDate "2004.??.??"]

1. c4 e5 2. g3 f5 3. Bg2 Nf6 4. Nc3 Bb4 5. e3 Bxc3 6. dxc3 O-O 7. Qb3 Nc6 8.
Nf3 Kh8 9. c5 Qe8 10. h4 e4 11. Ng5 Ne5 12. Bf1 b6 13. cxb6 axb6 14. Bd2 Ba6
15. c4 h6 16. Nh3 Qh5 17. Be2 Qxe2+ 18. Kxe2 Bxc4+ 19. Qxc4 Nxc4 20. Bc3 Nd5
21. Rhc1 b5 22. b3 Ncb6 23. Nf4 Kg8 24. Ng6 Nxc3+ 25. Rxc3 Rf6 26. h5 c6 27.
Rc5 Kf7 28. Re5 Nd5 29. Nh4 Ne7 30. Rc5 b4 31. Rc4 Nd5 32. Kd2 Ke6 33. Ng6 Kd6
34. Kc2 Re6 35. Kb2 Ra5 36. Rd1 Kc7 37. Nf4 Nxf4 38. gxf4 Rb5 39. Rdd4 Rd6 40.
Rc1 Rxd4 41. exd4 Kb6 42. Rg1 Rd5 43. Rxg7 Rxd4 44. Kc2 Rd3 45. Rf7 d5 46. Rxf5
Rf3 47. Rf6 Rxf2+ 48. Kd1 Kc5 49. Ke1 Rxa2 50. Rxh6 Kd4 51. f5 Ke3 52. Kd1 Rf2
53. f6 d4 54. Rg6 d3 55. Rg3+ Kd4 56. Ke1 Rxf6 57. Rh3 Rh6 58. Kd2 c5 59. Rh4
c4 60. bxc4 b3 61. Kc1 Kc3 0-1

[Event "StM 2004"]
[Site "Hartberg"]
[Date "2004.??.??"]
[Round "4.31"]
[White "Schwab, Rene"]
[Black "Zsifkovits, Robert"]
[Result "1-0"]
[WhiteElo "2240"]
[BlackElo "2142"]
[PlyCount "93"]
[EventDate "2004.??.??"]

1. e4 e5 2. Nf3 Nf6 3. Nc3 Nc6 4. Bb5 Bc5 5. O-O O-O 6. d3 d6 7. h3 h6 8. Na4
Nd4 9. Nxd4 Bxd4 10. c3 a6 11. cxd4 axb5 12. Nc3 b4 13. Ne2 c5 14. dxc5 dxc5
15. f4 Qd6 16. Qc2 b6 17. fxe5 Qxe5 18. Bf4 Qe7 19. Ng3 Be6 20. a3 bxa3 21.
Rxa3 Rxa3 22. bxa3 Ra8 23. Qb2 Nd7 24. Nh5 f6 25. Rf3 Bf7 26. Ng3 Bg6 27. Re3
Qe6 28. d4 cxd4 29. Qxd4 Nc5 30. e5 f5 31. Ne2 Ra4 32. Qd8+ Kh7 33. Nd4 Qe8 34.
Qd5 Qd7 35. Qxd7 Nxd7 36. Ne2 Bh5 37. e6 Nf6 38. Bd6 Bxe2 39. Rxe2 Re4 40. Rxe4
fxe4 41. a4 Kg6 42. Bc7 Nd5 43. Bd8 Nf4 44. Bxb6 Kf6 45. a5 Nd5 46. Bd8+ Kxe6
47. a6 1-0

[Event "StM 2004"]
[Site "Hartberg"]
[Date "2004.??.??"]
[Round "4.32"]
[White "Fandler, Simon"]
[Black "Kreindl, Helmut"]
[Result "1/2-1/2"]
[WhiteElo "1997"]
[BlackElo "2228"]
[PlyCount "55"]
[EventDate "2004.??.??"]

1. e4 d5 2. exd5 Nf6 3. Bb5+ Bd7 4. Bc4 Bg4 5. f3 Bc8 6. Nc3 Nbd7 7. Nge2 Nb6
8. Bb3 Nbxd5 9. d4 e6 10. Nxd5 exd5 11. Bf4 Bd6 12. Qd2 Be6 13. O-O-O a5 14. c3
a4 15. Bc2 a3 16. b3 O-O 17. g4 Bxf4 18. Nxf4 Qd6 19. h4 Rfc8 20. g5 Nd7 21. h5
c5 22. g6 cxd4 23. h6 fxg6 24. Qxd4 Nf6 25. hxg7 Rxc3 26. Nxe6 Rxc2+ 27. Kxc2
Qxe6 28. Rhe1 1/2-1/2

[Event "StM 2004"]
[Site "Hartberg"]
[Date "2004.??.??"]
[Round "4.33"]
[White "Sulyok, Michael"]
[Black "Posch, Werner"]
[Result "1/2-1/2"]
[WhiteElo "2219"]
[BlackElo "2172"]
[PlyCount "65"]
[EventDate "2004.??.??"]

1. Nf3 d5 2. d4 Bf5 3. c4 e6 4. Nc3 c6 5. Qb3 Qc8 6. Bf4 Nf6 7. Rc1 Nbd7 8.
cxd5 exd5 9. h3 h6 10. Nb5 g5 11. Bh2 cxb5 12. Rxc8+ Rxc8 13. e4 Bxe4 14. Be2
a6 15. O-O Be7 16. Ne5 Nb6 17. Bd3 Nc4 18. Rc1 O-O 19. Bxc4 dxc4 20. Qe3 Bh7
21. Ng4 Nxg4 22. Qxe7 Nxh2 23. Qxb7 Ra8 24. Kxh2 Rfb8 25. Qc6 Kg7 26. Qd6 Re8
27. f3 Re6 28. Qc5 Rd8 29. b3 Bd3 30. bxc4 Bxc4 31. a4 Rd5 32. Qa3 Red6 33. Rd1
1/2-1/2

[Event "StM 2004"]
[Site "Hartberg"]
[Date "2004.??.??"]
[Round "4.34"]
[White "Bachofner, Christian"]
[Black "Poeltl, Thomas"]
[Result "0-1"]
[WhiteElo "2163"]
[BlackElo "2217"]
[PlyCount "82"]
[EventDate "2004.??.??"]

1. e4 c5 2. Nf3 e6 3. Nc3 a6 4. g3 b5 5. Bg2 Bb7 6. d3 Nc6 7. O-O Be7 8. Be3
Qc7 9. h3 Nf6 10. Re1 d6 11. Qd2 O-O 12. g4 Rfd8 13. g5 Ne8 14. Bf4 Nd4 15.
Nxd4 cxd4 16. Ne2 e5 17. Bh2 Rdc8 18. Rac1 Qd8 19. h4 Qd7 20. Ng3 g6 21. Qe2 h6
22. gxh6 Bxh4 23. Bf3 Nf6 24. c3 Bg5 25. Rc2 dxc3 26. bxc3 Rc7 27. h7+ Kxh7 28.
d4 Rac8 29. dxe5 dxe5 30. Rd1 Qe7 31. Rd3 b4 32. Qe1 a5 33. Bg2 Ba6 34. Rf3 Rd8
35. Bf1 Rcd7 36. cxb4 axb4 37. Qa1 Rd1 38. Qb2 Nxe4 39. Kg2 Bb7 40. Nxe4 Bxe4
41. Be2 R1d2 0-1

[Event "StM 2004"]
[Site "Hartberg"]
[Date "2004.??.??"]
[Round "4.35"]
[White "Kreisl, Robert"]
[Black "Wolfram, Dominik"]
[Result "1/2-1/2"]
[WhiteElo "2206"]
[BlackElo "2102"]
[PlyCount "49"]
[EventDate "2004.??.??"]

1. e4 c5 2. Nc3 Nc6 3. g3 g6 4. Bg2 Bg7 5. d3 e6 6. Be3 Nd4 7. Nce2 Ne7 8. c3
Nxe2 9. Nxe2 b6 10. d4 d6 11. O-O Bb7 12. Qd2 O-O 13. Bh6 d5 14. Bxg7 Kxg7 15.
dxc5 bxc5 16. exd5 Bxd5 17. Rfd1 Qb6 18. Bxd5 Nxd5 19. b3 Rfd8 20. Nf4 Qa5 21.
Nxd5 Rxd5 22. Qb2 Rad8 23. Rxd5 Rxd5 24. c4+ Rd4 25. Rd1 1/2-1/2

[Event "StM 2004"]
[Site "Hartberg"]
[Date "2004.??.??"]
[Round "4.36"]
[White "Bachofner, Andreas"]
[Black "Koffler, Daniel"]
[Result "1/2-1/2"]
[WhiteElo "2230"]
[BlackElo "2080"]
[PlyCount "31"]
[EventDate "2004.??.??"]

1. e4 c5 2. c4 Nc6 3. Nc3 g6 4. g3 Bg7 5. Bg2 d6 6. Nge2 e6 7. O-O Nge7 8. d3
O-O 9. a3 Nd4 10. Rb1 a5 11. Nxd4 cxd4 12. Nb5 e5 13. Bd2 Be6 14. f4 Qd7 15.
Qe2 f5 16. fxe5 1/2-1/2

[Event "StM 2004"]
[Site "Hartberg"]
[Date "2004.??.??"]
[Round "4.37"]
[White "Herndlbauer, Martin"]
[Black "Ferrari, Josef"]
[Result "0-1"]
[WhiteElo "2145"]
[BlackElo "2220"]
[PlyCount "168"]
[EventDate "2004.??.??"]

1. e4 e5 2. Nf3 Nc6 3. Bb5 a6 4. Ba4 Nf6 5. O-O Be7 6. Re1 b5 7. Bb3 O-O 8. a4
Bb7 9. d3 d6 10. Nbd2 Na5 11. Ba2 c5 12. Nf1 c4 13. Ng3 cxd3 14. Qxd3 bxa4 15.
Nf5 Nc6 16. c3 Na5 17. Bg5 Bc6 18. Rad1 Nb7 19. Bxf6 Bxf6 20. Nxd6 Qc7 21. Nxb7
Qxb7 22. Bd5 Rad8 23. Bxc6 Qxc6 24. Qc2 g6 25. Rxd8 Rxd8 26. Ra1 Rb8 27. Qxa4
Qxa4 28. Rxa4 Rxb2 29. Kf1 Rb6 30. Ke2 Kf8 31. Ra5 Re6 32. Ne1 Bd8 33. Rd5 Ke7
34. Nd3 f6 35. Nc5 Rc6 36. Kd3 Bc7 37. f3 h5 38. c4 Bd6 39. Nb7 Bb4 40. c5 Rc7
41. Kc4 Rxb7 42. c6 Rc7 43. Kxb4 Rxc6 44. h4 Ke6 45. g3 Rd6 46. Ra5 Rc6 47. Rd5
f5 48. Ra5 Kf6 49. Rd5 Re6 50. Kc4 fxe4 51. fxe4 Ke7 52. Ra5 Kf6 53. Kd5 Rb6
54. Kc4 Ke6 55. Kc3 Rd6 56. Rc5 Rd4 57. Rc6+ Kf7 58. Rxa6 Rxe4 59. Kd2 Rg4 60.
Ra3 Ke6 61. Ke2 Kf5 62. Rf3+ Ke6 63. Kf2 Ra4 64. Rb3 Kf5 65. Rf3+ Kg4 66. Rb3
Ra2+ 67. Kf1 e4 68. Re3 Rb2 69. Rxe4+ Kxg3 70. Re6 Rf2+ 71. Ke1 Rf5 72. Rxg6+
Kxh4 73. Ra6 Kh3 74. Ra3+ Kg2 75. Ra2+ Kg1 76. Ra4 Re5+ 77. Kd2 Kf2 78. Kd3 Kg3
79. Kd4 Re8 80. Ra3+ Kf4 81. Ra7 Rd8+ 82. Kc5 h4 83. Ra4+ Kg5 84. Ra3 Rh8 0-1

[Event "StM 2004"]
[Site "Hartberg"]
[Date "2004.??.??"]
[Round "4.38"]
[White "Krenek, Markus"]
[Black "Titz, Heimo"]
[Result "1/2-1/2"]
[WhiteElo "2117"]
[BlackElo "2217"]
[PlyCount "112"]
[EventDate "2004.??.??"]

1. e4 c5 2. Nf3 e6 3. d4 cxd4 4. Nxd4 a6 5. Bd3 Bc5 6. Nb3 Ba7 7. O-O Nc6 8.
Qe2 d6 9. Be3 Nge7 10. c4 O-O 11. Nc3 Bxe3 12. Qxe3 Ne5 13. f4 Nxd3 14. Qxd3
Nc6 15. Kh1 Qc7 16. Rad1 Rd8 17. Qe2 b6 18. Nd4 Bb7 19. Nxc6 Bxc6 20. Rd2 b5
21. cxb5 axb5 22. Nxb5 Bxb5 23. Qxb5 Rxa2 24. Qb3 Qa5 25. Rfd1 Ra1 26. Qc2 g6
27. h3 Rxd1+ 28. Rxd1 Qb4 29. Qc7 Rb8 30. Qxd6 Qxb2 31. Qd2 Qf6 32. Qd6 Ra8 33.
Qd2 Ra4 34. Re1 h6 35. Qe3 Kg7 36. Re2 Ra1+ 37. Kh2 Rf1 38. Rf2 Rd1 39. Rd2
Rxd2 40. Qxd2 e5 41. g3 exf4 42. gxf4 h5 43. Kg2 h4 44. Qf2 g5 45. fxg5 Qxg5+
46. Kf3 Qf6+ 47. Kg2 Qxf2+ 48. Kxf2 Kf6 49. Kf3 Ke5 50. Ke3 f6 51. Kf3 Kd4 52.
Kf4 Kd3 53. Kf5 Ke3 54. Kxf6 Kxe4 55. Kg5 Ke5 56. Kxh4 Kf6 1/2-1/2

[Event "StM 2004"]
[Site "Hartberg"]
[Date "2004.??.??"]
[Round "4.39"]
[White "Halser, Walter"]
[Black "Raffalt, Manfred"]
[Result "1-0"]
[WhiteElo "2120"]
[BlackElo "2181"]
[PlyCount "68"]
[EventDate "2004.??.??"]

1. e4 e5 2. f4 exf4 3. Nf3 Be7 4. Bc4 Bh4+ 5. g3 fxg3 6. O-O gxh2+ 7. Kh1 d5 8.
Bxd5 Nh6 9. d4 c6 10. Bb3 O-O 11. Bxh6 gxh6 12. Ne5 Qe7 13. Nc3 Be6 14. Bxe6
Qxe6 15. Qh5 Bg5 16. Rf5 f6 17. Raf1 Nd7 18. Qg4 Kh8 19. Nxd7 Rg8 20. Nc5 Qd6
21. Qf3 Rg6 22. Nb3 Rag8 23. e5 Qc7 24. Ne4 Bh4 25. Kxh2 Qg7 26. exf6 Rg2+ 27.
Kh3 Qf7 28. Qxg2 Rxg2 29. Kxg2 Qg6+ 30. Kh2 Qf7 31. R5f4 Bg5 32. Nxg5 hxg5 33.
R4f2 Qh5+ 34. Kg1 Kg8 1-0

[Event "StM 2004"]
[Site "Hartberg"]
[Date "2004.??.??"]
[Round "4.40"]
[White "Bozinovic, Boban"]
[Black "Kranz, Armin"]
[Result "1-0"]
[WhiteElo "2163"]
[BlackElo "2149"]
[PlyCount "156"]
[EventDate "2004.??.??"]

1. e4 e5 2. Nf3 Nf6 3. d4 Nxe4 4. Bd3 d5 5. Nxe5 Nd7 6. Nxd7 Bxd7 7. O-O Bd6 8.
c4 c6 9. Nc3 Nxc3 10. bxc3 O-O 11. Re1 dxc4 12. Bxc4 Qh4 13. g3 Qg4 14. Qb3 b5
15. Bf1 Rae8 16. Ba3 Be6 17. Qb2 Bd5 18. Bg2 Bxg2 19. Kxg2 Qf5 20. Bxd6 Qd5+
21. f3 Qxd6 22. Qb4 Qd5 23. Qb3 Qf5 24. Rac1 h5 25. Qb1 Qd5 26. Qb3 Qg5 27. f4
Qg4 28. Qc2 h4 29. Qf2 a6 30. Qf3 Qxf3+ 31. Kxf3 hxg3 32. hxg3 f6 33. f5 Kf7
34. a4 Re7 35. axb5 Rxe1 36. Rxe1 cxb5 37. Re6 Rc8 38. Rxa6 Rxc3+ 39. Ke4 g5
40. Ra7+ Ke8 41. Rb7 Rxg3 42. Rxb5 Ra3 43. Rb6 Ke7 44. Rb7+ Kf8 45. Rc7 g4 46.
Kd5 g3 47. Rc2 Rf3 48. Ke6 Rf2 49. Rc3 g2 50. Rg3 Ra2 51. Kxf6 Rd2 52. Ke5 Kf7
53. d5 Re2+ 54. Kf4 Rd2 55. Ke4 Re2+ 56. Kd3 Re5 57. Kd4 Rxf5 58. Rxg2 Ke7 59.
Kc5 Rf1 60. Rg7+ Kd8 61. Kc6 Rh1 62. Rg8+ Ke7 63. d6+ Kf7 64. Rc8 Rc1+ 65. Kd7
Rd1 66. Rc7 Kf8 67. Rc3 Rd2 68. Rc5 Kf7 69. Rf5+ Kg6 70. Rf1 Kg7 71. Kc7 Rc2+
72. Kd8 Rd2 73. d7 Rd3 74. Rf4 Rd1 75. Kc7 Rc1+ 76. Kd6 Rd1+ 77. Kc6 Rc1+ 78.
Kd5 Rd1+ 1-0

[Event "StM 2004"]
[Site "Hartberg"]
[Date "2004.??.??"]
[Round "4.41"]
[White "Deutsch, Ludwig"]
[Black "Almer, Gerald"]
[Result "1-0"]
[WhiteElo "2155"]
[BlackElo "2105"]
[PlyCount "185"]
[EventDate "2004.??.??"]

1. d4 d5 2. Nf3 Nf6 3. c4 e6 4. Nc3 Be7 5. e3 O-O 6. Bd3 b6 7. O-O Bb7 8. cxd5
Nxd5 9. e4 Nxc3 10. bxc3 c5 11. Be3 Nc6 12. d5 Na5 13. c4 b5 14. dxe6 fxe6 15.
cxb5 c4 16. Bc2 Qc7 17. Qe2 e5 18. Rab1 Bc5 19. Nd2 Bxe3 20. Qxe3 Kh8 21. Qc3
Rac8 22. Rb4 Rfd8 23. Nf3 Ba8 24. Ra4 Nb7 25. Rxa7 Qb6 26. Ra3 Qxb5 27. Nxe5
Nd6 28. Ra5 Qe8 29. f3 Kg8 30. Ng4 Qc6 31. Rg5 Rc7 32. h4 Nb5 33. Qe3 Nd4 34.
Rd5 Rxd5 35. exd5 Nxc2 36. dxc6 Nxe3 37. Nxe3 Bxc6 38. Rc1 Bb5 39. Nd1 Kf7 40.
Nc3 Bd7 41. Kf2 Be6 42. Ke3 Rb7 43. Rc2 Ke7 44. Rd2 Rb8 45. g4 Rb7 46. Ke4 Rb8
47. Ke5 Rb7 48. Rd6 Bf7 49. Ra6 Rd7 50. Ne4 Rd5+ 51. Kf4 Rd7 52. Rc6 Ra7 53.
Ke5 Ra5+ 54. Kd4 Rd5+ 55. Ke3 Rd3+ 56. Kf4 Rd7 57. a4 Ra7 58. Nc3 Kd7 59. Rc5
Ra6 60. a5 Rh6 61. h5 Ra6 62. Rg5 g6 63. hxg6 Bxg6 64. Ke3 Bd3 65. f4 Re6+ 66.
Kd4 Ra6 67. Rb5 Rg6 68. g5 h6 69. gxh6 Rxh6 70. Rb7+ Kc8 71. Rb6 Rxb6 72. axb6
Kb7 73. Kc5 Bg6 74. Nb5 Ka6 75. Nc3 Kb7 76. Kb5 Bd3 77. Kc5 Bg6 78. Kb5 Bd3 79.
Ka5 Bg6 80. Nb5 Bd3 81. Nd6+ Kc6 82. b7 Kc7 83. Kb4 Kb8 84. Kc3 Kc7 85. Nxc4
Bh7 86. Nd6 Bg6 87. Kd4 Bh7 88. Ke5 Bb1 89. f5 Bc2 90. f6 Bb3 91. Kf5 Bc2+ 92.
Ke6 Bb3+ 93. Ke7 1-0

[Event "StM 2004"]
[Site "Hartberg"]
[Date "2004.??.??"]
[Round "5.1"]
[White "Weiss, Christian"]
[Black "Danner, Georg"]
[Result "1/2-1/2"]
[WhiteElo "2408"]
[BlackElo "2432"]
[PlyCount "93"]
[EventDate "2004.??.??"]

1. g3 d5 2. Bg2 c5 3. Nf3 Nc6 4. d4 Nf6 5. O-O e6 6. c4 dxc4 7. Qa4 Bd7 8. Qxc4
cxd4 9. Nxd4 Rc8 10. Nc3 Nxd4 11. Qxd4 Bc5 12. Qh4 Bc6 13. Bg5 Qd4 14. e4 h6
15. Rad1 Qe5 16. Bf4 Qh5 17. Qxh5 Nxh5 18. Bd6 Bxd6 19. Rxd6 Ke7 20. Rfd1 e5
21. f3 g5 22. Kf2 Nf6 23. Ke3 Rhd8 24. Rxd8 Rxd8 25. Rc1 a5 26. Bf1 Rc8 27. Be2
Bd7 28. Rh1 Be6 29. Rc1 Rc6 30. Bd3 Rc8 31. Ra1 Ne8 32. Rh1 Nd6 33. h4 b5 34.
hxg5 hxg5 35. f4 gxf4+ 36. gxf4 exf4+ 37. Kxf4 b4 38. Nd5+ Bxd5 39. exd5 Nc4
40. Rc1 Nb6 41. Rxc8 Nxc8 42. Ke5 f6+ 43. Kd4 Kd6 44. Kc4 Nb6+ 45. Kb5 Nxd5 46.
Kxa5 Kc5 47. Ka4 1/2-1/2

[Event "StM 2004"]
[Site "Hartberg"]
[Date "2004.??.??"]
[Round "5.2"]
[White "Stanec, Nikolaus"]
[Black "Mahdy, Khaled"]
[Result "1-0"]
[WhiteElo "2562"]
[BlackElo "2379"]
[PlyCount "99"]
[EventDate "2004.??.??"]

1. d4 Nf6 2. Nf3 b5 3. Bg5 Ne4 4. Bh4 c5 5. e3 Qa5+ 6. c3 e6 7. Bd3 Bb7 8. O-O
c4 9. Bxe4 Bxe4 10. Nbd2 Bg6 11. e4 Bd6 12. a4 O-O 13. Ne5 f6 14. Nxg6 hxg6 15.
f4 Nc6 16. Qg4 Bc7 17. d5 Nd8 18. Qxg6 exd5 19. exd5 bxa4 20. Qe4 Nb7 21. Nxc4
Nd6 22. Nxd6 Bxd6 23. Qxa4 Qxd5 24. Rad1 Bc5+ 25. Bf2 Bxf2+ 26. Rxf2 Qc6 27.
Qb3+ Qe6 28. Qb7 Rfd8 29. f5 Qb6 30. Qd5+ Kf8 31. Rd4 Re8 32. h3 Rad8 33. Qd6+
Qxd6 34. Rxd6 Re1+ 35. Kh2 Ra1 36. Re2 Ra5 37. g4 Rb5 38. Kg3 a5 39. Kf3 Rb7
40. Rdd2 Rdb8 41. h4 a4 42. g5 fxg5 43. hxg5 Rc7 44. Kg4 Rb5 45. Rf2 Rbc5 46.
Rf3 Kf7 47. Re3 Rc4+ 48. Kh5 Rf4 49. Red3 Ke8 50. Kg6 1-0

[Event "StM 2004"]
[Site "Hartberg"]
[Date "2004.??.??"]
[Round "5.3"]
[White "Karner, Christoph"]
[Black "Neubauer, Martin"]
[Result "1/2-1/2"]
[WhiteElo "2364"]
[BlackElo "2429"]
[PlyCount "88"]
[EventDate "2004.??.??"]

1. d4 Nf6 2. c4 g6 3. f3 Bg7 4. e4 d6 5. Nc3 O-O 6. Bg5 a6 7. Qd2 Nc6 8. Nge2
Rb8 9. Nc1 e5 10. d5 Nd4 11. Bd3 c5 12. Nb3 Bd7 13. O-O b5 14. f4 h6 15. Bh4
exf4 16. Qxf4 Nh5 17. Bxd8 Nxf4 18. Rxf4 Rfxd8 19. Raf1 bxc4 20. Bxc4 Be8 21.
Na5 Rxb2 22. Nc6 Ra8 23. Rb1 Rxb1+ 24. Nxb1 Nxc6 25. dxc6 Rc8 26. Bxa6 Rxc6 27.
Bc4 Rb6 28. Na3 Bd4+ 29. Kf1 Bb2 30. Rf3 Kg7 31. Bd5 Be5 32. Nc4 Rb1+ 33. Ke2
Bxh2 34. Ra3 Bd7 35. Ra7 Bg4+ 36. Kd3 h5 37. a4 Rb3+ 38. Kc2 Rg3 39. Rxf7+ Kh6
40. Rf2 Bg1 41. Rd2 Bd4 42. a5 Bc8 43. Nxd6 Ba6 44. e5 Ra3 1/2-1/2

[Event "StM 2004"]
[Site "Hartberg"]
[Date "2004.??.??"]
[Round "5.4"]
[White "Lehner, Oliver"]
[Black "Brandner, Stefan"]
[Result "1-0"]
[WhiteElo "2425"]
[BlackElo "2328"]
[PlyCount "51"]
[EventDate "2004.??.??"]

1. d4 d5 2. c4 Nc6 3. Nc3 e5 4. cxd5 Nxd4 5. Nf3 Nxf3+ 6. exf3 Nf6 7. Bb5+ Bd7
8. Qb3 c6 9. dxc6 Bxc6 10. Bxc6+ bxc6 11. Qc4 Qc7 12. O-O Be7 13. Be3 O-O 14.
Rac1 Rab8 15. b3 Rb4 16. Qa6 e4 17. Nxe4 Nxe4 18. Rxc6 Qe5 19. fxe4 Rxe4 20.
Rd1 Qh5 21. Rdc1 Rg4 22. g3 Qd5 23. Rc8 Bd8 24. Qxa7 h5 25. Qc5 Qf3 26. Qd6 1-0

[Event "StM 2004"]
[Site "Hartberg"]
[Date "2004.??.??"]
[Round "5.5"]
[White "Neumeier, Klaus"]
[Black "Pilaj, Herwig"]
[Result "0-1"]
[WhiteElo "2305"]
[BlackElo "2425"]
[PlyCount "126"]
[EventDate "2004.??.??"]

1. e4 e6 2. d4 d5 3. Nc3 Bb4 4. e5 c5 5. a3 Bxc3+ 6. bxc3 Qa5 7. Bd2 Qa4 8. Qb1
c4 9. Qb4 Qxc2 10. a4 Nc6 11. Qa3 Nge7 12. Nf3 h6 13. Be2 Qe4 14. h4 Na5 15.
Kf1 Nb3 16. Ra2 Bd7 17. Bd1 Qb1 18. Kg1 Nxd4 19. Nxd4 Qxd1+ 20. Kh2 Qh5 21. Re1
Qxh4+ 22. Kg1 Nf5 23. Nxf5 exf5 24. Be3 Qe7 25. Bc5 Qe6 26. a5 f4 27. f3 Bc6
28. Rb2 h5 29. a6 b6 30. Bxb6 axb6 31. Rxb6 Kd7 32. Reb1 Rhc8 33. Qc5 Qxe5 34.
Rxc6 Qe3+ 35. Qxe3 fxe3 36. Rcb6 Rc6 37. Rb7+ Rc7 38. Rd1 Rxa6 39. Rxd5+ Kc6
40. Rxc7+ Kxd5 41. Kf1 Ra2 42. Rxf7 Rf2+ 43. Kg1 Rc2 44. Kf1 Rf2+ 45. Kg1 Rc2
46. Kf1 Rxc3 47. Rxg7 Rc2 48. Rg5+ Kd4 49. Rxh5 Rf2+ 50. Ke1 Rxg2 51. Rh8 Rg1+
52. Ke2 Rg2+ 53. Kd1 Rd2+ 54. Ke1 c3 55. Rd8+ Ke5 56. Re8+ Kf4 57. Rf8+ Kg3 58.
Rg8+ Kxf3 59. Rf8+ Kg4 60. Rg8+ Kf5 61. Rf8+ Kg6 62. Rg8+ Kf7 63. Ra8 c2 0-1

[Event "StM 2004"]
[Site "Hartberg"]
[Date "2004.??.??"]
[Round "5.7"]
[White "Miniboeck, Günter"]
[Black "Lendwai, Reinhard"]
[Result "1/2-1/2"]
[WhiteElo "2345"]
[BlackElo "2388"]
[PlyCount "73"]
[EventDate "2004.??.??"]

1. d4 Nf6 2. c4 e6 3. Nf3 c5 4. d5 exd5 5. cxd5 d6 6. Nc3 a6 7. a4 g6 8. h3 Qe7
9. Bg5 h6 10. Bh4 Nbd7 11. e3 Bg7 12. Be2 g5 13. Bg3 O-O 14. O-O Ne8 15. e4 Ne5
16. Nxe5 Bxe5 17. Bxe5 Qxe5 18. f4 gxf4 19. Qd2 Qd4+ 20. Qxd4 cxd4 21. Nb1 f5
22. Rxf4 Ng7 23. Nd2 Bd7 24. exf5 Rae8 25. Bg4 Bxf5 26. Rxd4 Bxg4 27. hxg4 Re2
28. Rf1 Rc8 29. Rc4 Rxc4 30. Nxc4 Ne8 31. Rf3 Re4 32. b3 Rxg4 33. Kf2 Rd4 34.
Re3 Kf7 35. Re6 Rxd5 36. Rxh6 Nf6 37. Rh3 1/2-1/2

[Event "StM 2004"]
[Site "Hartberg"]
[Date "2004.??.??"]
[Round "5.8"]
[White "Diermair, Andreas"]
[Black "Schroll, Gerhard"]
[Result "1/2-1/2"]
[WhiteElo "2236"]
[BlackElo "2367"]
[PlyCount "57"]
[EventDate "2004.??.??"]

1. e4 c5 2. Nf3 e6 3. d3 Nc6 4. g3 g6 5. d4 d5 6. exd5 exd5 7. Bg2 cxd4 8. Nxd4
Bg7 9. Nxc6 bxc6 10. O-O Ne7 11. c3 O-O 12. Nd2 Nf5 13. Nf3 Qb6 14. Re1 Ba6 15.
Qc2 Rfe8 16. Bf4 Rad8 17. Qb3 Qb7 18. Qxb7 Bxb7 19. Bh3 c5 20. Bxf5 gxf5 21.
Nh4 d4 22. cxd4 Be4 23. dxc5 Bxb2 24. Rad1 Bc3 25. Rxd8 Rxd8 26. Rc1 Bb2 27.
Re1 Bc3 28. Rc1 Bb2 29. Re1 1/2-1/2

[Event "StM 2004"]
[Site "Hartberg"]
[Date "2004.??.??"]
[Round "5.9"]
[White "Baumegger, Siegfried"]
[Black "Srienz, Christian"]
[Result "0-1"]
[WhiteElo "2433"]
[BlackElo "2256"]
[PlyCount "54"]
[EventDate "2004.??.??"]

1. Nf3 Nf6 2. c4 c6 3. g3 d5 4. Bg2 dxc4 5. a4 Be6 6. Na3 Qd5 7. O-O Nbd7 8. h4
Nc5 9. Ng5 Qd7 10. Nxe6 Qxe6 11. a5 g6 12. Qc2 Nb3 13. a6 Nxa1 14. axb7 Rd8 15.
Qa4 Bg7 16. Bxc6+ Nd7 17. Nxc4 O-O 18. Bxd7 Rxd7 19. Na5 Rd4 20. Qb5 Qb6 21.
Qxb6 axb6 22. Nc6 Rc4 23. Nxe7+ Kh8 24. d3 Rc7 25. Bf4 Rxb7 26. Rxa1 Rxe7 27.
Bd6 Rxe2 0-1

[Event "StM 2004"]
[Site "Hartberg"]
[Date "2004.??.??"]
[Round "5.11"]
[White "Bezler, Rainer"]
[Black "Freitag, Manfred"]
[Result "0-1"]
[WhiteElo "2242"]
[BlackElo "2397"]
[PlyCount "90"]
[EventDate "2004.??.??"]

1. e4 c6 2. Nc3 d5 3. Nf3 Bg4 4. h3 Bxf3 5. gxf3 e6 6. d4 Nf6 7. Be3 Nbd7 8.
Qd2 Bb4 9. Bd3 Qa5 10. O-O O-O 11. a3 Bxc3 12. Qxc3 Qxc3 13. bxc3 b5 14. a4 a6
15. Ra3 Nb6 16. axb5 axb5 17. Rfa1 Rxa3 18. Rxa3 Ra8 19. Rxa8+ Nxa8 20. Kf1 Nb6
21. Ke1 g6 22. Bh6 Na4 23. Bg5 Ne8 24. Bd2 f5 25. h4 Nd6 26. e5 Nc4 27. Be2 Kg7
28. f4 Na3 29. Kd1 Nb1 30. c4 bxc4 31. Kc1 Nbc3 32. Bf3 Nb5 33. Be3 Kf7 34. Kd2
h5 35. Kc1 Ke7 36. Kb1 Kd7 37. Kc1 Kc7 38. Kb1 Kb7 39. Kc1 Ka6 40. Be2 Nbc3 41.
Bf3 Kb5 42. Bd2 Kb4 43. Be3 Ka3 44. Bd2 Ka2 45. Be3 Nb5 0-1

[Event "StM 2004"]
[Site "Hartberg"]
[Date "2004.??.??"]
[Round "5.12"]
[White "Hoelzl, Franz"]
[Black "Arwanitakis, Michael"]
[Result "1/2-1/2"]
[WhiteElo "2373"]
[BlackElo "2242"]
[PlyCount "142"]
[EventDate "2004.??.??"]

1. e4 c5 2. Nf3 d6 3. Bc4 e6 4. O-O a6 5. c3 Nf6 6. Re1 Nxe4 7. Rxe4 d5 8. Bxd5
Qxd5 9. Qe2 Nd7 10. d4 b5 11. Nbd2 Bb7 12. a4 c4 13. Rg4 h6 14. Nf1 Nf6 15. Ne3
Qh5 16. Rg3 Bd6 17. Rh3 Bxf3 18. Qxf3 Qxf3 19. Rxf3 Ke7 20. Bd2 Ne4 21. Nf1
Rhb8 22. Re3 Nxd2 23. Nxd2 Bf4 24. Re2 Bxd2 25. Rxd2 b4 26. Rc1 Kd6 27. d5 e5
28. f4 f6 29. fxe5+ fxe5 30. h4 a5 31. h5 Ra7 32. Re1 bxc3 33. bxc3 Rf7 34. Re4
Rb1+ 35. Kh2 Rf4 36. Rxf4 exf4 37. Rd4 Rc1 38. Rxc4 Kxd5 39. Rxf4 Rxc3 40. Rf5+
Ke6 41. Rxa5 Ra3 42. g3 Kf6 43. Kh3 Ra1 44. Kg4 Ra3 45. Kf4 Kf7 46. Ra6 Kg8 47.
g4 Kh7 48. a5 Ra1 49. Kf5 Ra4 50. Ra7 Ra1 51. a6 Rf1+ 52. Ke6 Rf6+ 53. Ke7 Kg8
54. Ra8+ Kh7 55. Kd7 g6 56. Ke7 Rb6 57. Kf7 gxh5 58. gxh5 Rc6 59. Ke7 Rb6 60.
Kd8 Rf6 61. Ra7+ Kg8 62. Kc7 Rf7+ 63. Kb6 Rf6+ 64. Kc5 Rf5+ 65. Kd6 Rf6+ 66.
Ke5 Rb6 67. Ra8+ Kg7 68. Kd5 Rf6 69. Ra7+ Kg8 70. Kc5 Rf5+ 71. Kd4 Rf6 1/2-1/2

[Event "StM 2004"]
[Site "Hartberg"]
[Date "2004.??.??"]
[Round "5.13"]
[White "Schmidlechner, Alexander"]
[Black "Wittmann, Walter"]
[Result "1/2-1/2"]
[WhiteElo "2212"]
[BlackElo "2337"]
[PlyCount "20"]
[EventDate "2004.??.??"]

1. d4 Nf6 2. Nf3 g6 3. Bg5 Bg7 4. Nbd2 O-O 5. c3 d6 6. e4 c5 7. d5 e6 8. dxe6
Bxe6 9. Bc4 d5 10. exd5 Bxd5 1/2-1/2

[Event "StM 2004"]
[Site "Hartberg"]
[Date "2004.??.??"]
[Round "5.14"]
[White "Benda, Herbert"]
[Black "Wiedner, Robert"]
[Result "1-0"]
[WhiteElo "2336"]
[BlackElo "2214"]
[PlyCount "45"]
[EventDate "2004.??.??"]

1. e4 g6 2. d4 Bg7 3. c4 c5 4. d5 d6 5. Be2 e5 6. Nf3 Nd7 7. Nc3 h6 8. O-O Ne7
9. a3 g5 10. b4 Ng6 11. Nb5 Ke7 12. Be3 b6 13. Qa4 Nf6 14. bxc5 bxc5 15. Bd3
Nh5 16. Rab1 Nhf4 17. Ne1 Qd7 18. Qa5 Nh4 19. Nxd6 Nhxg2 20. Nf5+ Kf6 21. Nxg2
Bf8 22. Nxf4 gxf4 23. Bxc5 1-0